000 00593cam a22001933a 4500
001 39700
003 PGUSA
005 20140828083901.0
008 120515s2012||||xxu|||||s|||||000 | eng d
040 _aPGUSA
_beng
042 _adc
245 1 0 _aEncyclopaedia Britannica, 11th Edition, Volume 14, Slice 8 :
_b"Isabnormal Lines" to "Italic"
_h[electronic resource] /
_cVarious
260 _bProject Gutenberg,
_c2012
506 _aPublic domain in the USA.
516 _aElectronic text
830 0 _aProject Gutenberg
_v39700
856 4 0 _uhttp://www.gutenberg.org/ebooks/39700
942 _cEB
999 _c268953
_d268953